Μοντελοποίηση μηχανικής συμπεριφοράς απλού καραμπίνερ για χρήση στην αναρρίχηση βράχου : διπλωματική εργασία
Ως καραμπίνες ορίζεται ο μεταλλικός κρίκος με πύλη η οποία ανοίγει με μικρή πίεση προς το εσωτερικό του και κλείνει αυτόματα με ελατήριο. Ενώνει αναστρέψιμα δύο στοιχεία και χρησιμοποιείται στην αναρρίχηση βράχου για την ασφάλιση του αναρριχητή. Σκοπός της εργασίας είναι η μελέτη των τάσεων που δέχε...
Αποθηκεύτηκε σε:
| Κύριος συγγραφέας: | |
|---|---|
| Συγγραφή απο Οργανισμό/Αρχή: | |
| Άλλοι συγγραφείς: | |
| Μορφή: | Thesis Βιβλίο |
| Γλώσσα: | Greek |
| Δημοσίευση: |
2012
|
| Θέματα: | |
| Διαθέσιμο Online: | http://hdl.handle.net/11610/9037 |
| Ετικέτες: |
Προσθήκη ετικέτας
Δεν υπάρχουν, Καταχωρήστε ετικέτα πρώτοι!
|
MARC
| LEADER | 00000cam a2200000 i 4500 | ||
|---|---|---|---|
| 001 | 1/26185 | ||
| 008 | 130220s2012 gre d | ||
| 035 | |l 10113784 | ||
| 040 | |a GR-MY-UA |b gre |e aacr | ||
| 041 | 0 | |a gre | |
| 082 | 0 | |a 688.765223 |2 (22) | |
| 100 | 1 | |a Κουνάδης, Κωνσταντίνος. | |
| 245 | 1 | 0 | |a Μοντελοποίηση μηχανικής συμπεριφοράς απλού καραμπίνερ για χρήση στην αναρρίχηση βράχου : |b διπλωματική εργασία / |c Κωνσταντίνος Κουνάδης ; επιβλέπων: Παρασκευάς Παπανίκος |
| 260 | |c 2012 | ||
| 300 | |a 79 φύλλα; |b εικ.; |c 30 εκ. | ||
| 500 | |a Διάθεση πλήρους κειμένου περιορισμένης πρόσβασης (μόνο από μέλη του Παν. Αιγαίου) | ||
| 502 | |a Πτυχιακή εργασία – Πανεπιστήμιο Αιγαίου, Σύρος, 2012. | ||
| 504 | |a Βιβλιογραφία: σ. 77-78 | ||
| 520 | |a Ως καραμπίνες ορίζεται ο μεταλλικός κρίκος με πύλη η οποία ανοίγει με μικρή πίεση προς το εσωτερικό του και κλείνει αυτόματα με ελατήριο. Ενώνει αναστρέψιμα δύο στοιχεία και χρησιμοποιείται στην αναρρίχηση βράχου για την ασφάλιση του αναρριχητή. Σκοπός της εργασίας είναι η μελέτη των τάσεων που δέχεται το καραμπίνερ, η μοντελοποίηση της μηχανικής του συμπεριφοράς και η γεωμετρική βελτιστοποίησή του με σκοπό τη μείωση του βάρους τηρώντας τις σχεδιαστικές προδιαγραφές της UIAA (Παγκόσμια Ομοσπονδία Ορειβασίας και Αναρρίχησης). | ||
| 650 | 0 | 0 | |a Rock climbing |x Equipment and supplies. |
| 650 | 0 | 0 | |a Rock climbing |z Safety measures. |
| 650 | 0 | 0 | |a Dissertations, Academic |z Greece. |
| 700 | 1 | |4 ths |a Παπανίκος, Παρασκευάς. | |
| 710 | 2 | |a Πανεπιστήμιο Αιγαίου. |b Τμήμα Μηχανικών Σχεδίασης Προϊόντων και Συστημάτων. | |
| 852 | |a INST |b SYROS |c DIATR |e 20130529 |h 688.765223 ΚΟΥ |p 005500011591 |q 005500011591 |t DIE |y 23 | ||
| 852 | |a INST |b SYROS |c DIATR |e 20130529 |h 688.765223 ΚΟΥ |p 005500011592 |q 005500011592 |t DIE |y 23 | ||
| 856 | |u http://hdl.handle.net/11610/9037 | ||
| 901 | |a BIBL5-2012-1 | ||
| 909 | |a Ε |b 174092 | ||
| 909 | |a Ε |b 174092 | ||
| 924 | |a ΚΟΥΝΑΔΗΣ |b ΚΩΝΣΤΑΝΤΙΝΟΣ |y ΣΥΡΟΣ |z 2012-10 | ||
| 970 | |a ΚΟΝΤΟΥ |b ΠΑΡΑΣΚΕΥΗ |z 2013/02/20 | ||